=LDR 00000nam 2200000 4500 =001 INLIS000000001052316 =005 20240826092209 =035 ##$$a 0010-0824000134 =007 ta =008 240826################b##########j###### =082 ##$$a 028.55 =084 ##$$a 028.55 LEE h =100 #$$a Lee mi-e =245 1#$$a Harimau Murai /$c Lee mi-e =260 ##$$a Gyeonggi-do :$b Jangtaek Kwon =300 ##$$a 31 hlm. : $b ilus. ; $c 21,8 x 25,7 cm =650 #4$$a Bacaan Kanak-kanak =020 ##$$a 978-89-433-0263-4 =990 ##$$a 3202401702 =990 ##$$a 3202401702